[Event "Madrid San Viator op 18th"]
[Site "Madrid"]
[Date "2012.05.27"]
[Round "8"]
[White "De la Horra del Barco, Ricardo"]
[Black "Vallejo Nuno, Jorge"]
[Result "1-0"]
[WhiteElo "2055"]
[BlackElo "2068"]
[PlyCount "89"]
[EventDate "2012.03.25"]
[EventType "swiss"]
[EventRounds "9"]
[EventCountry "ESP"]
[SourceTitle "EXT 2013"]
[Source "ChessBase"]
[SourceDate "2012.11.22"]
[SourceVersion "1"]
[SourceVersionDate "2012.11.22"]
[SourceQuality "1"]

1. Nf3 Nf6 2. g3 b6 3. Bg2 Bb7 4. 0-0 e6 5. d4 Be7 6. c4 0-0 7. Nc3 Ne4 8. Qc2 Nxc3 9. Qxc3 d6 10. Rd1 Nd7 11. Bf4 Nf6 12. Rac1 Ne4 13. Qc2 Qc8 14. h4 f5 15. Qb3 Kh8 16. Ng5 Nxg5 17. hxg5 c5 18. dxc5 dxc5 19. Bxb7 Qxb7 20. Qe3 Qc6 21. Rd2 Rad8 22. Rcd1 Rxd2 23. Qxd2 Qa8 24. Qe3 Qc6 25. Qd3 Qa8 26. Qa3 Kg8 27. Qe3 Kf7 28. Be5 Rd8 29. Rxd8 Qxd8 30. f4 Qd7 31. Qf3 g6 32. Qa8 Bf8 33. Qf3 Bg7 34. Bxg7 Kxg7 35. Qc3+ Qd4+ 36. Qxd4+ cxd4 37. Kf2 Kf7 38. e3 dxe3+ 39. Kxe3 Ke7 40. Kd4 a5 41. Ke5 a4 42. b3 axb3 43. axb3 Kd7 44. Kf6 Kd6 45. Kg7 1-0

[Event "Madrid-ch sf-A"]
[Site "Madrid"]
[Date "2012.04.25"]
[Round "9"]
[White "Quintero Torres, Pedro"]
[Black "De la Horra del Barco, Ricardo"]
[Result "1/2-1/2"]
[WhiteElo "2022"]
[BlackElo "2055"]
[PlyCount "105"]
[EventDate "2012.04.10"]
[EventType "swiss"]
[EventRounds "9"]
[EventCountry "ESP"]
[SourceTitle "CBM 148 Extra"]
[Source "ChessBase"]
[SourceDate "2012.06.22"]
[SourceVersion "1"]
[SourceVersionDate "2012.06.22"]
[SourceQuality "1"]

1. e4 c6 2. d4 d5 3. exd5 cxd5 4. c4 Nf6 5. Nc3 e6 6. Nf3 Nc6 7. Bd3 Be7 8. 0-0 0-0 9. Bg5 Nb4 10. Be2 dxc4 11. Bxc4 b6 12. a3 Nbd5 13. Nxd5 exd5 14. Be2 Bb7 15. Rc1 h6 16. Bf4 Bd6 17. Bxd6 Qxd6 18. Ne5 Rac8 19. Qa4 Rc7 20. Rc2 Rxc2 21. Qxc2 Rc8 22. Qf5 Rc7 23. Qb1 Ne4 24. Qd3 Qf6 25. Bf3 Ng5 26. Bd1 Qf4 27. Bc2 Ba6 28. Qxa6 Rxc2 29. Qxa7 Qxd4 30. Qb8+ Kh7 31. Nd7 Ne6 32. Qxb6 Qe4 33. Qe3 Qf5 34. Qf3 Nf4 35. Nb6 d4 36. Na4 Rd2 37. g3 Ne2+ 38. Kg2 Qd7 39. Nc5 Qc8 40. Re1 Qxc5 41. Rxe2 Rxe2 42. Qxe2 Qd5+ 43. Qf3 Qc4 44. Qe4+ g6 45. h4 h5 46. b4 f5 47. Qe7+ Kh6 48. Qf8+ Kh7 49. Qe7+ Kh6 50. Qg5+ Kh7 51. Qe7+ Kh6 52. Qg5+ Kh7 53. Qe7+ 1/2-1/2

[Event "Madrid-ch sf-A"]
[Site "Madrid"]
[Date "2012.04.18"]
[Round "6"]
[White "De la Horra del Barco, Ricardo"]
[Black "Lopez Heras, Arturo"]
[Result "1-0"]
[WhiteElo "2055"]
[BlackElo "1882"]
[PlyCount "109"]
[EventDate "2012.04.10"]
[EventType "swiss"]
[EventRounds "9"]
[EventCountry "ESP"]
[SourceTitle "CBM 148 Extra"]
[Source "ChessBase"]
[SourceDate "2012.06.22"]
[SourceVersion "1"]
[SourceVersionDate "2012.06.22"]
[SourceQuality "1"]

1. Nf3 Nf6 2. g3 c5 3. Bg2 Nc6 4. 0-0 e5 5. c4 d6 6. Nc3 Be7 7. e3 Bf5 8. d4 0-0 9. d5 Nb4 10. a3 Na6 11. Nh4 Bg4 12. f3 Bd7 13. f4 exf4 14. exf4 Ng4 15. Nf3 f5 16. Qd3 Nc7 17. h3 Nh6 18. b4 b6 19. Bd2 Rb8 20. Rfe1 Bf6 21. Kh2 Re8 22. Rab1 Rxe1 23. Rxe1 Qf8 24. Ne2 Re8 25. Bc3 Bxc3 26. Qxc3 Re7 27. bxc5 bxc5 28. Kg1 Qe8 29. Kf2 Bc8 30. Ng5 Nf7 31. Nxf7 Kxf7 32. Bf3 Na8 33. Rb1 Nb6 34. g4 Qa4 35. Rc1 Ba6 36. Ng3 Qxc4 37. Nxf5 Qxc3 38. Rxc3 Rd7 39. g5 g6 40. Ne3 Rb7 41. Rb3 Na4 42. Rxb7+ Bxb7 43. Nc4 Ke7 44. Na5 Bc8 45. Bg4 Bxg4 46. hxg4 a6 47. f5 Nb6 48. f6+ Kf7 49. Nb7 Nc8 50. Ke3 h6 51. Nd8+ Kg8 52. gxh6 Nb6 53. f7+ Kf8 54. h7 Nxd5+ 55. Kd2 1-0

[Event "Madrid-ch sf-A"]
[Site "Madrid"]
[Date "2012.04.17"]
[Round "5"]
[White "De la Fuente Gonzalez, Francisco"]
[Black "De la Horra del Barco, Ricardo"]
[Result "1/2-1/2"]
[WhiteElo "2193"]
[BlackElo "2055"]
[PlyCount "75"]
[EventDate "2012.04.10"]
[EventType "swiss"]
[EventRounds "9"]
[EventCountry "ESP"]
[SourceTitle "CBM 148 Extra"]
[Source "ChessBase"]
[SourceDate "2012.06.22"]
[SourceVersion "1"]
[SourceVersionDate "2012.06.22"]
[SourceQuality "1"]

1. c4 e5 2. Nc3 Nf6 3. g3 Nc6 4. Bg2 Bb4 5. e3 Bxc3 6. bxc3 e4 7. d4 exd3 8. Qxd3 0-0 9. Nf3 Qe7 10. 0-0 Re8 11. Nd2 Qe5 12. Rb1 a6 13. e4 d6 14. Ba3 Qa5 15. Rb3 Be6 16. f4 b5 17. Kh1 bxc4 18. Nxc4 Qh5 19. Rb2 Rab8 20. Rxb8 Rxb8 21. Ne3 Ng4 22. Nxg4 Bxg4 23. Rb1 Rxb1+ 24. Qxb1 Bd7 25. Qd3 Qa5 26. c4 Qe1+ 27. Qf1 Qc3 28. Qc1 Qd3 29. c5 Nd4 30. cxd6 cxd6 31. Bb4 Nc2 32. a3 Bc6 33. Qf1 Nxb4 34. axb4 Qa3 35. Qe1 h6 36. h3 Qd3 37. Kh2 h5 38. h4 1/2-1/2